Kluby piłkarskie Uzbekistanu - nagła śmierć - Statystyki

Ogólne statystyki
  • Ten quiz został rozwiązany 7 razy
  • Średni wynik to 2 z 12
Answers on the Grid
Answers color-coded by a green-red scale on the quiz's grid according to % correct below.
Skënderbeu Korcza
FC Sogdiana
Pakhtakor FC
Neftchi Baku
Neftchi Fergana
Nasaf Karszy
FC Okzhetpes
AGMK Olmaliq
FK Kukësi
Navbahor Namangan
FC Bunyodkor
Tofan Harirod
Dinamo Samarkanda
Qizilqum Zarafshon
Samgurali Ckaltubo
Mashʼal Muborak
Xorazm Urgencz
Aluminium Arak
FK Buxoro
Mushuc Runa
 
Statystyki odpowiedzi
Odpowiedź % Poprawnych
Pakhtakor FC
60%
FC Sogdiana
40%
Nasaf Karszy
40%
Dinamo Samarkanda
20%
FK Buxoro
20%
Neftchi Fergana
20%
Qizilqum Zarafshon
20%
AGMK Olmaliq
0%
FC Bunyodkor
0%
Mashʼal Muborak
0%
Navbahor Namangan
0%
Xorazm Urgencz
0%
Nie znaleziono quizów pasujących do podanych kryteriów
Rozkład punktacji
Procent ludzi z każdym wynikiem
Percentyl według liczby udzielonych odpowiedzi
Twoja historia wyników
Nie rozwiązałeś tego quizu